Financie podnikov a odvetví financie agrokomplexu

Enregistré dans:
Détails bibliographiques
Auteur principal: Vlachynský, Karol
Collectivité auteur: Vysoká škola ekonomická v Bratislave. Národohospodárska fakulta
Autres auteurs: Magdolenová, Mária
Format: Livre
Langue:slovaque
Publié: Bratislava Vysoká škola ekonomická 1986
Tags: Ajouter un tag
Pas de tags, Soyez le premier à ajouter un tag!

MARC

LEADER 00000nam a2200000 4500
001 c104367
005 20230116103303.5
041 0 |a slo 
044 |a SK 
245 1 0 |a Financie podnikov a odvetví  |b financie agrokomplexu  |c Karol Vlachynský, Mária Magdolenová 
264 1 |a Bratislava  |b Vysoká škola ekonomická  |c 1986 
300 |a 288 s. 
100 1 |a Vlachynský, Karol 
700 1 |a Magdolenová, Mária 
710 2 |a Vysoká škola ekonomická v Bratislave. Národohospodárska fakulta